The feasibility of an early hospital discharge following chemotherapy for the acute myeloid leukemia

Bibliographic Details
Main Authors: Elanova, A. (Author), Demeckova, E. (Author), Al, F. Sabty (Author), Roziakova, L. (Author), Sopko, L. (Author), Mistrík, Martin, 1951- (Author), Rimajova, V. (Author)
Format: Article
Language:English

MARC

LEADER 00000nab a2200000ua 4500
001 vtls010804145
003 SK-MaSNL
005 20260303124546.0
008 230214s2012 xo |||||||||||||||||eng|
035 |a (urnnbn)urn:nbn:sk:snk:ar-a03lan 
035 |a (uuid)f02effe6-2e2b-4a06-b5dd-063e0a4a9ea2 
035 |a urn:nbn:sk:snk-ab5cnd 
040 |a SNKBUCL  |b slo  |c SNKBUCL  |e AACR2 
041 0 |a eng 
044 |a xo  |c SK 
100 1 |a Elanova, A.  |4 aut  |9 1141800 
245 1 4 |a The feasibility of an early hospital discharge following chemotherapy for the acute myeloid leukemia  |c A. Elanova, E. Demeckova, F. Al Sabty, L. Roziakova, L. Sopko, M. Mistrik, V. Rimajova 
700 1 |a Demeckova, E.  |4 aut  |9 1140117 
700 1 |a Al, F. Sabty  |4 aut  |9 1141801 
700 1 |a Roziakova, L.  |4 aut  |9 1134412 
700 1 |a Sopko, L.  |4 aut  |9 1139342 
700 1 |a Mistrík, Martin,  |d 1951-  |4 aut  |9 10255 
700 1 |a Rimajova, V.  |4 aut  |9 1139344 
773 0 |t Bratislavské lekárske listy  |g Roč. 113, č. 5 (2012), s. [298]-300 
958 |a OND 
958 |a EUIPO 
958 |a article3 
999 |c 1931040  |d 1932970